000
00306nam a2200109Ia 4500
008
200302s9999 xx 000 0 und d
100
_a
Anna Kasabian
245
_a
East Coast Rooms Portfolios of 31 Interior Designers and Architects
260
_b
Rockport Publishers Inc.
260
_c
2000
300
_a
192 P.,
999
_c
1599
_d
1599